|
|
|
|
| LEADER |
00000nam0a2200000 4500 |
| 001 |
315455 |
| 005 |
20231102002759.0 |
| 010 |
|
|
|a 9785942757656
|
| 035 |
|
|
|a (RuTPU)RU\TPU\book\340890
|
| 090 |
|
|
|a 315455
|
| 100 |
|
|
|a 20160301d2015 m y0rusy50 ca
|
| 101 |
0 |
|
|a rus
|
| 102 |
|
|
|a RU
|
| 105 |
|
|
|a a j 001zy
|
| 200 |
1 |
|
|a Интегрированные системы управления качеством в автоматизированном производстве
|e учебник
|f А. Г. Лютов [и др.]
|g под ред. А. Г. Лютова
|
| 210 |
|
|
|a Москва
|c Машиностроение
|d 2015
|
| 215 |
|
|
|a 633 с.
|c ил.
|
| 320 |
|
|
|a Библиогр.: с. 626-632
|
| 330 |
|
|
|a Изложена современная концепция построения и эксплуатации интегрированных систем управления качеством для автоматизированных производств в соответствии с международными стандартами. Рассмотрены вопросы формирования информационного, алгоритмического, программного, технического обеспечения процессов управления качеством, автоматизации процессов измерения, испытаний и контроля, разработки методов и средств управления продукцией, реинжиниринга бизнес-процессов промышленных предприятий.Для студентов и аспирантов, а также инженерно-технических работников, специализирующихся в области разработки и эксплуатации систем управления качеством современного автоматизированного производства.
|
| 606 |
1 |
|
|a Менеджмент систем качества
|2 stltpush
|3 (RuTPU)RU\TPU\subj\27902
|9 51563
|
| 610 |
1 |
|
|a СМК
|
| 610 |
1 |
|
|a система менеджмента качества
|
| 610 |
1 |
|
|a построение
|
| 610 |
1 |
|
|a международные стандарты
|
| 610 |
1 |
|
|a CALS-технологии
|
| 610 |
1 |
|
|a применение
|
| 610 |
1 |
|
|a продукция
|
| 610 |
1 |
|
|a хранение
|
| 610 |
1 |
|
|a хранение
|
| 610 |
1 |
|
|a управление
|
| 610 |
1 |
|
|a информационное обеспечение
|
| 610 |
1 |
|
|a измерения
|
| 610 |
1 |
|
|a контроль
|
| 610 |
1 |
|
|a испытания
|
| 610 |
1 |
|
|a автоматизация
|
| 610 |
1 |
|
|a функционально-стоимостный анализ
|
| 610 |
1 |
|
|a бизнес-процессы
|
| 610 |
1 |
|
|a реинжиниринг
|
| 610 |
1 |
|
|a моделирование
|
| 610 |
1 |
|
|a учебники
|
| 610 |
1 |
|
|a TQM
|
| 610 |
1 |
|
|a ISO 9000
|
| 610 |
1 |
|
|a STEP
|
| 610 |
1 |
|
|a ARIS
|
| 675 |
|
|
|a 658.562(075.8)
|v 4
|
| 701 |
|
1 |
|a Лютов
|b А. Г.
|
| 701 |
|
1 |
|a Схиртладзе
|b А. Г.
|
| 701 |
|
1 |
|a Огородов
|b В. А.
|
| 701 |
|
1 |
|a Рябов
|b Ю. В.
|
| 701 |
|
1 |
|a Чугунова
|b О. И.
|
| 702 |
|
1 |
|a Лютов
|b А. Г.
|g Алексей Германович
|4 340
|
| 801 |
|
1 |
|a RU
|b 63413507
|c 20160301
|
| 801 |
|
2 |
|a RU
|b 63413507
|c 20160608
|g RCR
|
| 900 |
|
|
|a Менеджмент качества
|
| 942 |
|
|
|c BK
|
| 951 |
|
|
|l 8
|
| 959 |
|
|
|a 25/20160225
|d 3
|e 1000,00
|f ЧЗТЛ:1
|f УФ:2
|